| 000 | 01082nam a2200277Ia 4500 | ||
|---|---|---|---|
| 008 | 130821s2006 sp gr spa | ||
| 020 | _a9788433967961 | ||
| 040 |
_cAngélica Rojas (modificó) _dAldemar Mondragón (modificó) _bspa |
||
| 041 | 0 | 0 | _aspa |
| 100 | 1 |
_aKapúscinski, Ryszard _d1932-2007 _927985 |
|
| 245 | 1 | 4 |
_aLos cínicos no sirven para este oficio sobre el buen periodismo _cRyszard Kapúscinski ; edición de María Nadotti ; traducción de Xavier González Rovira |
| 250 | _a3a ed | ||
| 260 |
_aBarcelona (España) _bEditorial Anagrama _c2006 |
||
| 300 | _a124 páginas | ||
| 490 |
_aCompactos _v365 |
||
| 600 | 1 | 4 |
_aKapuscinski, Ryszard _d1932-2007 _vEntrevistas _927986 |
| 650 | _aComunicación | ||
| 650 | 7 |
_aÉtica periodística _915255 |
|
| 650 | 7 |
_aFilosofía del periodismo _915798 |
|
| 650 | 7 |
_aPeriodismo como profesión _921343 |
|
| 650 | 7 |
_aPeriodismo _97909 |
|
| 700 |
_aGonzález Rovira, Xavier _etraductor _927987 |
||
| 700 |
_aNadotti, María _927988 |
||
| 942 |
_cLIBRO _a24 _e3 _mK179c _2DEWEY _h070.4 |
||
| 999 |
_c54450 _d54450 |
||